000 00576nam a2200181Ia 4500
003 GCL
008 140319s9999 xx 000 0 eng d
040 _aGCL /
_cGCL
082 0 4 _a363.8
_bF N
100 1 _aFAO REGIONAL OFFICE FOR THE NEAR EAST
245 1 0 _aNUTRITION COUNTRY PROFILES FOR SELECTED COUNTRIES OF THE NEAR EAST REGION /
_cFAO REGIONAL OFFICE FOR THE NEAR EAST
260 _a[S.N] :
_bFAO REGIONAL OFFICE FOR THE NEAR EAST ،
_c1995
300 _a250 P
650 0 4 _aNUTRITION
650 0 4 _aFOOD COMSUMPTION
650 0 4 _aSOCIAL SERVICES
942 _2ddc
_cBK
999 _c12539
_d12539